Mots dans les noms des pays - Statistiques

Statistiques générales
  • Ce quiz a été pris 876 fois
  • Le résultat moyen est 9 sur 18
Statistiques - réponses
Mot Pays % Correct
royaume Royaume-Uni
95%
haï Thaïlande
88%
cap Cap-Vert
80%
armé Arménie
79%
côte Côte d'Ivoire
77%
bas Pays-Bas
69%
port Portugal
67%
égal Sénégal
67%
bot Botswana
57%
pan Panama
41%
orient Timor oriental
41%
roc Maroc
40%
élan Nouvelle-Zélande
33%
hall Îles Marshall
29%
nez Venezuela
23%
mari Saint-Marin
17%
dur Honduras
16%
bout Djibouti
11%
Aucun quiz correspondant
Distribution des résultats
% des personnes avec chaque résultat
Percentile par nombre de réponses
Votre historique - résultats
Vous n’avez pas pris ce quiz